Next generation wireless systems and networks (Record no. 8253)
[ view plain ]
| 000 -LEADER | |
|---|---|
| fixed length control field | 00768 a2200229 4500 |
| 020 ## - INTERNATIONAL STANDARD BOOK NUMBER | |
| International Standard Book Number | 0470024348 |
| 020 ## - INTERNATIONAL STANDARD BOOK NUMBER | |
| International Standard Book Number | 9780470024348 |
| 024 3# - OTHER STANDARD IDENTIFIER | |
| Standard number or code | 9780470024348 |
| 035 ## - SYSTEM CONTROL NUMBER | |
| System control number | (OCoLC)ocm70195828 |
| 040 ## - CATALOGING SOURCE | |
| Original cataloging agency | DLC |
| Language of cataloging | DLC |
| 082 0# - DEWEY DECIMAL CLASSIFICATION NUMBER | |
| Classification number | 621.3821 |
| 100 1# - MAIN ENTRY--PERSONAL NAME | |
| Personal name | Chen, Hsiao-Hwa. |
| 245 10 - TITLE STATEMENT | |
| Title | Next generation wireless systems and networks |
| Statement of responsibility, etc. | Hsiao-Hwa Chen, Mohsen Guizani |
| 260 ## - PUBLICATION, DISTRIBUTION, ETC. | |
| Place of publication, distribution, etc. | Chichester ; |
| -- | Hoboken, NJ : |
| Name of publisher, distributor, etc. | John Wiley, |
| Date of publication, distribution, etc. | c2006. |
| 300 ## - PHYSICAL DESCRIPTION | |
| Extent | xiv, 498 p. : |
| Other physical details | ill. ; |
| Dimensions | 26 cm. |
| 650 #0 - SUBJECT ADDED ENTRY--TOPICAL TERM | |
| Topical term or geographic name entry element | Wireless communication systems. |
| 650 #0 - SUBJECT ADDED ENTRY--TOPICAL TERM | |
| Topical term or geographic name entry element | Code division multiple access. |
| 650 #0 - SUBJECT ADDED ENTRY--TOPICAL TERM | |
| Topical term or geographic name entry element | Mobile communication systems. |
| 700 1# - ADDED ENTRY--PERSONAL NAME | |
| Personal name | Guizani, Mohsen. |
| 856 41 - ELECTRONIC LOCATION AND ACCESS | |
| Materials specified | Table of contents only |
| Uniform Resource Identifier | <a href="http://www.loc.gov/catdir/toc/fy0701/2006298187.html">http://www.loc.gov/catdir/toc/fy0701/2006298187.html</a> |
| 942 ## - ADDED ENTRY ELEMENTS (KOHA) | |
| Koha item type | Book |
| Call number prefix | 621.3821 CHE |
| Source of classification or shelving scheme | |
| Withdrawn status | Lost status | Damaged status | Not for loan | Collection code | Permanent Location | Current Location | Shelving location | Date acquired | Source of acquisition | Cost, normal purchase price | Total Checkouts | Full call number | Barcode | Date last seen | Price effective from | Koha item type |
|---|---|---|---|---|---|---|---|---|---|---|---|---|---|---|---|---|
| Central Library (CL) | Central Library (CL) | General Stacks | 05/14/2007 | Allied Book Company | 7815.96 | 621.3821 CHE | SEECS008487 | 11/14/2012 | 01/05/2017 | Book | ||||||
| Central Library (CL) | Central Library (CL) | General Stacks | 09/27/2007 | Progressive International Agencies | 8271.89 | 621.3821 CHE | SEECS008631 | 11/14/2012 | 01/05/2017 | Book |
